Manual de programación y organización comercial

Zapisane w:
Opis bibliograficzny
1. autor: Stellatelli, Antonio (Autor)
Format: Książka
Język:hiszpański
Wydane: Madrid Ibérico Europea 1968
Seria:La Empresa Moderna
Hasła przedmiotowe:
Etykiety: Dodaj etykietę
Nie ma etykietki, Dołącz pierwszą etykiete!

MARC

LEADER 00000nam a2200000 a 4500
001 UCR9638
003 CL-VaPUC
008 980613e19680000SP |||||||||||||||||spa|d
082 0 4 |a 658.403  |b STE  |2 21 
100 0 |a Stellatelli, Antonio  |e author  |9 412380 
245 1 0 |a Manual de programación y organización comercial 
300 |a v 
942 |c BK 
945 |d 19980613 00:00:00  |a cmena 
260 |a Madrid  |b Ibérico Europea  |c 1968 
500 |a v.1: Organizacion comercial y elaboracion de los planes de venta 
500 |a v.2: Instrumentos y técnicas de acción comercial 
650 0 |a Administración de empresas   |9 260833 
650 0 |a Programación lineal   |9 23 
650 0 |a Toma de decisiones   |9 257530 
650 7 |a METAS  |2 CL-VaPUC  |9 341661 
650 0 |a Ventas  |9 259323 
583 |a last modification  |c 19980613 00:00:00  |k Rodrigo Vera 
490 0 |a La Empresa Moderna 
999 |c 270824  |d 270822 
952 |0 0  |1 0  |4 0  |6 658_403000000000000_STE_1968  |7 0  |8 A  |9 305234  |a BIBGIM  |b BIBGIM  |d 2019-11-20  |h v.2  |i 1419846  |o 658.403 STE 1968  |p 1419846  |r 2025-01-15  |w 2019-11-20  |y BK  |k COM 
952 |0 0  |1 0  |4 0  |6 658_403000000000000_STE_1968  |7 0  |8 A  |9 305235  |a BIBGIM  |b BIBGIM  |d 2019-11-20  |h v.1  |i 1425196  |o 658.403 STE 1968  |p 1425196  |r 2025-01-15  |w 2019-11-20  |y BK  |k COM